Poistenie vkladov vo svete

Poistenie vkladov ako základ bankovej regulácie. Formy poistenia vkladov a ich výška. Limity poistenia depozít v krajinách EÚ. Poistenie vkladov v Českej a Slovenskej republike.

Uložené v:
Podrobná bibliografia
Hlavný autor: Petrjánošová, Božena
Médium: Kapitola
Jazyk:Slovak
Predmet:
Tagy: Pridať tag
Žiadne tagy, Buďte prvý, kto otaguje tento záznam!

MARC

LEADER 00000naa a2200000 4500
001 r033601
005 20230919065940.3
041 0 |a slo 
044 |a SK 
245 1 0 |a Poistenie vkladov vo svete  |c Božena Petrjánošová 
520 |a Poistenie vkladov ako základ bankovej regulácie. Formy poistenia vkladov a ich výška. Limity poistenia depozít v krajinách EÚ. Poistenie vkladov v Českej a Slovenskej republike. 
610 2 0 |a vklady 
610 2 0 |a poistenie 
610 2 0 |a banky 
610 2 0 |a ochrana vkladov 
610 2 0 |a Slovensko 
610 2 0 |a Česko 
610 2 0 |a Európska únia 
100 1 |a Petrjánošová, Božena